| 000 | 00992nam a2200229Ia 4500 | ||
|---|---|---|---|
| 999 |
_c53248 _d53248 |
||
| 001 | 20289 | ||
| 003 | GE_BSU | ||
| 005 | 20230802165634.0 | ||
| 008 | 181216s1980||||ge |||||||||||||| ||geo|| | ||
| 040 | _cGE_BSU | ||
| 041 | _ageo | ||
| 080 | _a811.353.1'373 შ-19 | ||
| 100 |
_aშალამბერიძე, გ. _98035 |
||
| 245 |
_aქართული სწორმეტყველების სწავლების ზოგიერთი საკითხი / _cგ. შალამბერიძე, |
||
| 264 |
_aთბილისი : _bთბილ. უნ-ტის გამ-ბა, _c1980. |
||
| 300 |
_a78 გვ. ; _c22 სმ. |
||
| 541 | _h60თ. | ||
| 653 | _aქართული ენა | ||
| 653 | _aქართული სწორმეტყველება | ||
| 653 | _aქართული სწორმეტყველების სწავლების ზოგიერთი საკითხი | ||
| 942 |
_cBK _2udc |
||